000 00349 a2200109 4500
001 ART_25840
005 20260410161602.0
008 260409a
245 1 0 _aEficacia, eficiencia y economía en el sector público
100 1 _aRodríguez, Roberto Mario
773 0 _tProfesional & Empresaria
_g- Año VI, Nº 69 (jun. 2005)
_wREV70
999 _c9800
_d9800